[Event "CZE-chT2A 1718"]
[Site "Czech Republic"]
[Date "2017.10.15"]
[Round "1.3"]
[White "Jascenko, Olga"]
[Black "Freisler, Pavel"]
[Result "0-1"]
[WhiteElo "2127"]
[BlackElo "2240"]
[PlyCount "53"]
[EventDate "2017.10.15"]
[EventType "team-tourn"]
[EventRounds "11"]
[EventCountry "CZE"]
[SourceTitle "EXT 2022"]
[Source "ChessBase"]
[SourceDate "2021.10.06"]
[SourceVersion "1"]
[SourceVersionDate "2021.10.06"]
[SourceQuality "1"]
[WhiteTeam "Praha Smichov"]
[BlackTeam "Kladno"]
[WhiteTeamCountry "CZE"]
[BlackTeamCountry "CZE"]

1. d4 Nf6 2. c4 e6 3. Nc3 Bb4 4. e3 0-0 5. Bd3 c5 6. Nf3 d5 7. 0-0 Nc6 8. a3 Bxc3 9. bxc3 dxc4 10. Bxc4 Qc7 11. Bb2 e5 12. Be2 Rd8 13. Qc2 Bg4 14. h3 Bh5 15. Nxe5 Bxe2 16. Qxe2 Nxe5 17. dxe5 Qxe5 18. c4 Qe6 19. Rfd1 Ne8 20. Rac1 Rd6 21. Rxd6 Nxd6 22. Qd3 b6 23. f3 Rd8 24. Qc3 f6 25. Rd1 Nf7 26. Rxd8+ Nxd8 27. Qd3 0-1

[Event "CZE-chT2B 1617"]
[Site "Czech Republic"]
[Date "2017.04.02"]
[Round "11.5"]
[White "Stastny, Petr"]
[Black "Jascenko, Olga"]
[Result "1/2-1/2"]
[WhiteElo "2041"]
[BlackElo "2144"]
[PlyCount "49"]
[EventDate "2016.10.09"]
[EventType "team-tourn"]
[EventRounds "11"]
[EventCountry "CZE"]
[SourceTitle "EXT 2022"]
[Source "ChessBase"]
[SourceDate "2021.10.06"]
[SourceVersion "1"]
[SourceVersionDate "2021.10.06"]
[SourceQuality "1"]
[WhiteTeam "Teplice"]
[BlackTeam "Bartos Unichess II"]
[WhiteTeamCountry "CZE"]
[BlackTeamCountry "CZE"]

1. d4 Nf6 2. c4 e6 3. Nf3 Bb4+ 4. Bd2 a5 5. e3 0-0 6. a3 Bxd2+ 7. Nbxd2 d6 8. Qc2 Qe7 9. Bd3 e5 10. h3 Re8 11. dxe5 dxe5 12. Ne4 Nbd7 13. 0-0 g6 14. Nfg5 Nh5 15. g4 Ng7 16. c5 Nf8 17. Bc4 Nfe6 18. Nxe6 Nxe6 19. Qc3 Ng5 20. Nxg5 Qxg5 21. f4 exf4 22. Rxf4 Be6 23. Raf1 Re7 24. Bxe6 fxe6 25. e4 1/2-1/2

[Event "CZE-chT2B 1617"]
[Site "Czech Republic"]
[Date "2016.10.23"]
[Round "4.6"]
[White "Lochman, Vaclav"]
[Black "Jascenko, Olga"]
[Result "0-1"]
[WhiteElo "1985"]
[BlackElo "2144"]
[PlyCount "72"]
[EventDate "2016.10.09"]
[EventType "team-tourn"]
[EventRounds "11"]
[EventCountry "CZE"]
[SourceTitle "EXT 2022"]
[Source "ChessBase"]
[SourceDate "2021.10.06"]
[SourceVersion "1"]
[SourceVersionDate "2021.10.06"]
[SourceQuality "1"]
[WhiteTeam "Mlada Boleslav"]
[BlackTeam "Bartos Unichess II"]
[WhiteTeamCountry "CZE"]
[BlackTeamCountry "CZE"]

1. e4 c5 2. Nf3 e6 3. d4 cxd4 4. Nxd4 a6 5. c4 Qc7 6. Nc3 Nf6 7. Be2 Bb4 8. f3 b5 9. Qb3 Bc5 10. Nc2 Nc6 11. cxb5 Na5 12. Qa4 0-0 13. Be3 Bxe3 14. Nxe3 axb5 15. Bxb5 d5 16. exd5 Qe5 17. Kf2 exd5 18. Rad1 Be6 19. Qd4 Qb8 20. Rd2 Rc8 21. Be2 Nc6 22. Qh4 d4 23. Rxd4 Nxd4 24. Qxd4 Qxb2 25. Ned1 Qa1 26. Nb5 Qxa2 27. Ndc3 Qc2 28. Rd1 h5 29. Rd2 Qb3 30. Bd3 Rd8 31. Qe3 Rac8 32. Ne4 Nxe4+ 33. Qxe4 g6 34. Qe3 Qb4 35. Re2 Qh4+ 36. Kf1 Rxd3 0-1

[Event "CZE-chT1W 1516"]
[Site "Czech Republic"]
[Date "2016.04.10"]
[Round "11.6"]
[White "Cuhra, Martin"]
[Black "Jascenko, Olga"]
[Result "0-1"]
[WhiteElo "2104"]
[BlackElo "2189"]
[PlyCount "128"]
[EventDate "2015.10.11"]
[EventType "team-tourn"]
[EventRounds "11"]
[EventCountry "CZE"]
[SourceTitle "EXT 2017"]
[Source "ChessBase"]
[SourceDate "2016.10.25"]
[SourceVersion "1"]
[SourceVersionDate "2016.10.25"]
[SourceQuality "1"]
[WhiteTeam "Ceske Budejovice"]
[BlackTeam "Unichess"]
[WhiteTeamCountry "CZE"]
[BlackTeamCountry "CZE"]

1. e4 c5 2. Nf3 e6 3. d4 cxd4 4. Nxd4 a6 5. Nc3 Qc7 6. g3 Nf6 7. Bg2 Nc6 8. Nde2 Bc5 9. 0-0 d6 10. Bg5 Ng4 11. h3 Nge5 12. Qc1 Bd7 13. Be3 Ne7 14. Kh2 h5 15. f4 Nc4 16. Bxc5 Qxc5 17. Rf3 Rc8 18. b3 Nb6 19. Qd2 Rc7 20. Rd1 Nbc8 21. Nd4 b5 22. Nce2 e5 23. Rc3 Qa7 24. fxe5 Rxc3 25. Nxc3 dxe5 26. Nf3 f6 27. a4 Qc7 28. axb5 axb5 29. Bf1 Na7 30. Nd5 Nxd5 31. exd5 0-0 32. c4 bxc4 33. d6 Qc5 34. Bxc4+ Kh7 35. Rc1 Qb6 36. Bd3+ Kh8 37. Rc7 Qxd6 38. Rxa7 Bc6 39. Qe3 Qd5 40. Be2 Rb8 41. Ra3 Rb4 42. Kg2 Re4 43. Qf2 g5 44. Kf1 Rxe2 45. Kxe2 Bb5+ 46. Ke1 Qe4+ 47. Kd2 Qb4+ 48. Kc2 Qxa3 49. Nd2 Kg7 50. Kc3 Qa5+ 51. Kb2 Bd3 52. Qe3 Qd5 53. Kc3 e4 54. b4 Qe5+ 55. Kb3 Qe6+ 56. Kc3 Qxh3 57. Qa7+ Kg6 58. Qb8 Qd7 59. Qg8+ Kf5 60. Qa8 Qc7+ 61. Kb3 Qc2+ 62. Ka3 Qc1+ 63. Kb3 Bc2+ 64. Kc4 Ba4+ 0-1

[Event "CZE-chT2A 1516"]
[Site "Czech Republic"]
[Date "2016.01.10"]
[Round "5.5"]
[White "Jascenko, Olga"]
[Black "Folk, Petr"]
[Result "0-1"]
[WhiteElo "2168"]
[BlackElo "2214"]
[PlyCount "66"]
[EventDate "2015.10.18"]
[EventType "team-tourn"]
[EventRounds "11"]
[EventCountry "CZE"]
[SourceTitle "EXT 2022"]
[Source "ChessBase"]
[SourceDate "2021.10.06"]
[SourceVersion "1"]
[SourceVersionDate "2021.10.06"]
[SourceQuality "1"]
[WhiteTeam "Unichess III"]
[BlackTeam "Kozolupy"]
[WhiteTeamCountry "CZE"]
[BlackTeamCountry "CZE"]

1. d4 d5 2. c4 e6 3. Nc3 c6 4. e3 Nf6 5. Nf3 Nbd7 6. Bd3 dxc4 7. Bxc4 b5 8. Bd3 Bb7 9. 0-0 a6 10. a3 c5 11. Qe2 Be7 12. Rd1 Qc7 13. Bb1 0-0 14. e4 cxd4 15. Nxd4 Rfd8 16. Bg5 Qc5 17. Be3 Qh5 18. f3 Rac8 19. Ba2 Ne5 20. Kh1 Nc4 21. Bg1 Bd6 22. a4 Qh4 23. g3 Bxg3 24. axb5 axb5 25. Ndxb5 Ne5 26. Nd6 Rxd6 27. Rxd6 Nxf3 28. Rd3 Nxe4 29. Nd5 Nf2+ 30. Kg2 Qh3+ 31. Kxf3 Bh4+ 32. Kf4 Nxd3+ 33. Ke4 exd5+ 0-1

[Event "Teplice op 10th"]
[Site "Teplice"]
[Date "2015.06.19"]
[Round "7"]
[White "Jascenko, Olga"]
[Black "Carstensen, Jacob"]
[Result "0-1"]
[WhiteElo "2184"]
[BlackElo "2358"]
[PlyCount "102"]
[EventDate "2015.06.13"]
[EventType "swiss"]
[EventRounds "9"]
[EventCountry "CZE"]
[SourceTitle "EXT 2017"]
[Source "ChessBase"]
[SourceDate "2016.10.25"]
[SourceVersion "1"]
[SourceVersionDate "2016.10.25"]
[SourceQuality "1"]

1. d4 d5 2. c4 e6 3. Nc3 c6 4. Nf3 Nf6 5. e3 Nbd7 6. Bd3 dxc4 7. Bxc4 b5 8. Bd3 a6 9. a4 b4 10. Ne4 Bb7 11. 0-0 c5 12. Ned2 cxd4 13. exd4 Be7 14. Qe2 0-0 15. a5 Qc7 16. Nc4 Rfd8 17. Bg5 Nd5 18. Bxe7 Nxe7 19. Ng5 Nf6 20. Ne5 Rf8 21. Bc4 Ned5 22. Rfc1 Qd6 23. Qf3 Rab8 24. Qb3 h6 25. Nh3 Rfd8 26. Ra4 Rdc8 27. Rd1 Rc7 28. Nd3 Qc6 29. Ne5 Qd6 30. Nd3 Ng4 31. g3 Bc6 32. Raa1 Ba8 33. Nc5 Ndf6 34. Qa4 Rxc5 35. dxc5 Qxc5 36. Be2 Qh5 37. Bf1 Ne5 38. Bg2 Nf3+ 39. Kh1 Ng4 40. Rf1 Nd2 41. f3 Nxf1 42. Rxf1 Ne3 43. Nf4 Qc5 44. Ra1 e5 45. Ne2 Nxg2 46. Kxg2 Qe3 47. Ng1 Qd2+ 48. Kh3 Bd5 49. Rb1 h5 50. Qd1 Be6+ 51. g4 Qf4 0-1

[Event "CZE-ch (Women)"]
[Site "Havlickuv Brod"]
[Date "2015.05.17"]
[Round "1"]
[White "Jascenko, Olga"]
[Black "Kubikova, Alena"]
[Result "0-1"]
[WhiteElo "2209"]
[BlackElo "2101"]
[PlyCount "174"]
[EventDate "2015.05.17"]
[EventType "tourn"]
[EventRounds "7"]
[EventCountry "CZE"]
[SourceTitle "CBM 166 Extra"]
[Source "ChessBase"]
[SourceDate "2015.06.18"]
[SourceVersion "1"]
[SourceVersionDate "2015.06.18"]
[SourceQuality "1"]

1. d4 Nf6 2. c4 c5 3. d5 b5 4. cxb5 a6 5. bxa6 Bxa6 6. Nc3 g6 7. Nf3 d6 8. g3 Bg7 9. Bg2 0-0 10. 0-0 Nbd7 11. Qc2 Nb6 12. Rd1 Nfd7 13. e4 Nc4 14. h3 Qa5 15. Rb1 Rfb8 16. Na4 Bb5 17. Nc3 Na3 18. bxa3 Bxc3 19. Bd2 Bxd2 20. Qxd2 Qxa3 21. e5 dxe5 22. d6 exd6 23. Ng5 Ba4 24. Qd5 Rf8 25. Rd3 Bc6 26. Qxd6 Qxa2 27. Bxc6 Qxb1+ 28. Rd1 Qf5 29. h4 Ra2 30. Ne4 Nb8 31. Bd5 Ra6 32. Qxc5 Nd7 33. Qe7 Nf6 34. Qb7 Nxe4 35. Bxe4 Qe6 36. Rd7 Qb6 37. Qxb6 Rxb6 38. Bd5 Kg7 39. Kg2 Rbb8 40. Re7 Kf6 41. Ra7 Rb6 42. g4 h6 43. Rd7 Rb4 44. f3 Rd4 45. Kg3 Rd2 46. Kh3 Rd3 47. Kg2 Rd2+ 48. Kg3 Kg7 49. g5 hxg5 50. hxg5 Rd1 51. Kf2 Rd4 52. Ke3 Rd1 53. Kf2 Kh8 54. Rxf7 Rxf7 55. Bxf7 Kg7 56. Be8 Rd6 57. Ba4 Rb6 58. Ke3 Kf7 59. Bc2 Rb2 60. Be4 Rg2 61. Bd5+ Ke7 62. f4 Rg3+ 63. Ke4 exf4 64. Kxf4 Ra3 65. Be4 Ra4 66. Ke5 Ra6 67. Bc2 Re6+ 68. Kd5 Kf7 69. Be4 Re7 70. Kd4 Ra7 71. Bd5+ Ke7 72. Be4 Ra6 73. Kd5 Ra5+ 74. Kd4 Rxg5 75. Ke3 Kf6 76. Kf4 Rg1 77. Bf3 g5+ 78. Ke3 Ke5 79. Kf2 Ra1 80. Kg3 Ra4 81. Bd1 Rf4 82. Bc2 Rc4 83. Bg6 g4 84. Bh7 Kf6 85. Kh4 Rc7 86. Bb1 Rg7 87. Kg3 Kg5 0-1

[Event "CZE-chT1W 1415"]
[Site "Czech Republic"]
[Date "2015.01.04"]
[Round "5.6"]
[White "Vybiral, Zdenek"]
[Black "Jascenko, Olga"]
[Result "1-0"]
[WhiteElo "2215"]
[BlackElo "2169"]
[PlyCount "59"]
[EventDate "2014.10.19"]
[EventType "team-tourn"]
[EventRounds "11"]
[EventCountry "CZE"]
[SourceTitle "EXT 2016"]
[Source "ChessBase"]
[SourceDate "2015.10.08"]
[SourceVersion "1"]
[SourceVersionDate "2015.10.08"]
[SourceQuality "1"]
[WhiteTeam "Ceske Budejovice"]
[BlackTeam "Unichess II"]
[WhiteTeamCountry "CZE"]
[BlackTeamCountry "CZE"]

1. d4 Nf6 2. c4 e6 3. Nc3 Bb4 4. e3 c5 5. Nge2 b6 6. a3 Ba5 7. Rb1 Qe7 8. Bd2 Na6 9. g3 Bb7 10. d5 exd5 11. Bg2 Bxc3 12. Bxc3 Nc7 13. Nf4 0-0-0 14. Bxf6 Qxf6 15. Nxd5 Nxd5 16. Bxd5 Bxd5 17. Qxd5 Qc6 18. Qxc6+ dxc6 19. Ke2 g5 20. Rbd1 Kc7 21. Rxd8 Rxd8 22. g4 b5 23. h4 bxc4 24. hxg5 Rb8 25. Rxh7 Rxb2+ 26. Kd1 Kd6 27. Rxf7 Rb1+ 28. Kc2 Rb8 29. g6 a5 30. g7 1-0

[Event "CZE-chT2C 1314"]
[Site "Czech Republic"]
[Date "2013.12.15"]
[Round "4.4"]
[White "Jascenko, Olga"]
[Black "Stolba, Milos"]
[Result "1/2-1/2"]
[WhiteElo "2173"]
[BlackElo "2161"]
[PlyCount "30"]
[EventDate "2013.11.03"]
[EventType "team-tourn"]
[EventRounds "11"]
[EventCountry "CZE"]
[SourceTitle "EXT 2015"]
[Source "ChessBase"]
[SourceDate "2014.11.20"]
[SourceVersion "1"]
[SourceVersionDate "2014.11.20"]
[SourceQuality "1"]
[WhiteTeam "Postovni sporitelna III"]
[BlackTeam "Kutna Hora"]
[WhiteTeamCountry "CZE"]
[BlackTeamCountry "CZE"]

1. d4 d5 2. c4 e6 3. Nc3 Nf6 4. Nf3 Be7 5. Bf4 0-0 6. e3 b6 7. cxd5 Nxd5 8. Bg3 Bb7 9. Bd3 Nd7 10. 0-0 Bd6 11. Ne4 Bxg3 12. hxg3 Qe7 13. a3 e5 14. dxe5 Nxe5 15. Nxe5 Qxe5 1/2-1/2

[Event "CZE-chT2C 1314"]
[Site "Czech Republic"]
[Date "2013.12.01"]
[Round "3.7"]
[White "Pospech, Radim"]
[Black "Jascenko, Olga"]
[Result "0-1"]
[WhiteElo "2030"]
[BlackElo "2173"]
[PlyCount "80"]
[EventDate "2013.11.03"]
[EventType "team-tourn"]
[EventRounds "11"]
[EventCountry "CZE"]
[SourceTitle "EXT 2015"]
[Source "ChessBase"]
[SourceDate "2014.11.20"]
[SourceVersion "1"]
[SourceVersionDate "2014.11.20"]
[SourceQuality "1"]
[WhiteTeam "Praha Dukla"]
[BlackTeam "Postovni sporitelna III"]
[WhiteTeamCountry "CZE"]
[BlackTeamCountry "CZE"]

1. d4 Nf6 2. c4 e6 3. Nf3 Bb4+ 4. Bd2 a5 5. a3 Bxd2+ 6. Qxd2 d5 7. e3 Nbd7 8. Nc3 c6 9. Bd3 0-0 10. 0-0 Qe7 11. e4 dxc4 12. Bxc4 e5 13. Ba2 exd4 14. Qxd4 Qc5 15. Qxc5 Nxc5 16. e5 Ng4 17. h3 Nh6 18. Rad1 a4 19. Nd4 Nf5 20. g4 Ne7 21. f4 Ng6 22. Kg2 Kh8 23. Kg3 Be6 24. Nxe6 fxe6 25. Rd6 Nxe5 26. Rfd1 Ng6 27. R1d4 e5 28. fxe5 Nxe5 29. Ne4 Ned3 30. Nxc5 Nxc5 31. Bb1 Rae8 32. Rd2 g6 33. g5 Re1 34. Rd1 Re3+ 35. Kg2 Re2+ 36. Kg3 Rxb2 37. Rd8 Rxd8 38. Rxd8+ Kg7 39. Rd1 Rb3+ 40. Kg4 Rxa3 0-1

[Event "Prague op-A 12th"]
[Site "Prague"]
[Date "2013.01.13"]
[Round "6"]
[White "Jascenko, Olga"]
[Black "Stefansson, Hannes"]
[Result "0-1"]
[WhiteElo "2185"]
[BlackElo "2512"]
[PlyCount "96"]
[EventDate "2013.01.09"]
[EventType "swiss"]
[EventRounds "9"]
[EventCountry "CZE"]
[SourceTitle "CBM 152 Extra"]
[Source "ChessBase"]
[SourceDate "2013.02.25"]
[SourceVersion "1"]
[SourceVersionDate "2013.02.25"]
[SourceQuality "1"]

1. d4 d5 2. c4 e6 3. Nc3 Bb4 4. e3 Nf6 5. cxd5 exd5 6. Bd3 c5 7. Nge2 0-0 8. a3 cxd4 9. axb4 dxc3 10. Nxc3 Qd6 11. b5 Nbd7 12. Ra4 Nc5 13. Rd4 Ne6 14. Rh4 Rd8 15. 0-0 Qe5 16. Bb1 h6 17. Qd3 Nc5 18. Qd4 Qe7 19. b4 Ne6 20. Qe5 b6 21. e4 d4 22. Bxh6 Ne8 23. Qh5 g6 24. Bg5 gxh5 25. Bxe7 dxc3 26. Bxd8 Nxd8 27. Rc1 a5 28. e5 a4 29. Rxc3 a3 30. Ba2 Be6 31. Rc2 Nc7 32. Rxh5 Nxb5 33. Rg5+ Kf8 34. Rg3 Bxa2 35. Rxa2 Nc6 36. Rb3 Ra4 37. f4 Nxb4 38. Raxa3 Nxa3 39. h4 Nd5 40. g3 Nc4 41. Kh2 Ra2+ 42. Kh3 Ra3 43. Rb1 Nxf4+ 44. Kg4 Ne6 45. h5 Ne3+ 46. Kh4 Ra4+ 47. Kh3 Ng5+ 48. Kh2 Ra2+ 0-1